Algunos aspectos controvertidos de la determinación del impuesto a las ganancias para empleados (Registro nro. 12967)
[ vista simple ]
| 000 -LEADER | |
|---|---|
| fixed length control field | 00405 a2200121 4500 |
| 001 - CONTROL NUMBER | |
| control field | ART_7584 |
| 005 - DATE AND TIME OF LATEST TRANSACTION | |
| control field | 20260410161637.0 |
| 008 - FIXED-LENGTH DATA ELEMENTS--GENERAL INFORMATION | |
| fixed length control field | 260409a |
| 100 1# - MAIN ENTRY--PERSONAL NAME | |
| Personal name | Lorenzo, Armando |
| 245 10 - TITLE STATEMENT | |
| Title | Algunos aspectos controvertidos de la determinación del impuesto a las ganancias para empleados |
| 700 1# - ADDED ENTRY--PERSONAL NAME | |
| Personal name | Cavalli, César M. |
| 773 0# - HOST ITEM ENTRY | |
| Title | Consultor tributario |
| Related parts | - Nº 2 (abr. 2007) |
| Record control number | REV474 |
No hay ítems disponibles.